El burgués : (Registro nro. 856499)

Detalles MARC
000 -CABECERA
campo de control de longitud fija 03396nam a2200409 i 4500
003 - IDENTIFICADOR DEL NÚMERO DE CONTROL
campo de control CO-MdUADB
005 - FECHA Y HORA DE LA ÚLTIMA TRANSACCIÓN
campo de control 20260508095232.0
007 - CAMPO FIJO DE DESCRIPCIÓN FÍSICA--INFORMACIÓN GENERAL
campo de control de longitud fija ta
008 - DATOS DE LONGITUD FIJA--INFORMACIÓN GENERAL
campo de control de longitud fija 230428s1972 sp |||gr|||| 001 0 spa d
024 7# - IDENTIFICADOR DE OTROS ESTÁNDARES
Fuente del número o código viaf
Número estándar o código 181267137
040 ## - FUENTE DE LA CATALOGACIÓN
Centro catalogador/agencia de origen CO-MdUADB
Lengua de catalogación spa
Centro/agencia transcriptor CO-MdUADB
Normas de descripción rda
041 1# - CÓDIGO DE LENGUA
Código de lengua del texto/banda sonora o título independiente spa
Código de lengua original ger
082 04 - NÚMERO DE LA CLASIFICACIÓN DECIMAL DEWEY
Número de clasificación 330.122
Número de documento/Ítem S693
100 10 - ENTRADA PRINCIPAL--NOMBRE DE PERSONA
Nombre de persona Sombart, Werner,
Fechas asociadas al nombre 1863-1941
Término indicativo de función/relación Autor/a
Código de función aut
Número de control del registro de autoridad o número normalizado (isni)0000 0001 2122 2743
-- (viaf)17239301
9 (RLIN) 248725
245 13 - TÍTULO PROPIAMENTE DICHO
Título propiamente dicho El burgués :
Subtítulo o título paralelo contribución a la historia espiritual del hombre económico moderno /
Mención de responsabilidad, etc. Werner Sombart ; versión española de María Pilar Lorenzo ; revisión de Miguel Paredes
246 15 - FORMA VARIANTE DE TÍTULO
Título Bourgeois
264 #1 - PRODUCCIÓN, PUBLICACIÓN, DISTRIBUCIÓN, FABRICACIÓN Y COPYRIGHT
Producción, publicación, distribución, fabricación y copyright Madrid :
Nombre del de productor, editor, distribuidor, fabricante Alianza Editorial,
Fecha de producción, publicación, distribución, fabricación o copyright 1972
300 ## - DESCRIPCIÓN FÍSICA
Extensión 371 páginas ;
Dimensiones 20 cm.
336 ## - TIPO DE CONTENIDO
Fuente rdacontent
Término de tipo de contenido texto
Código de tipo de contenido txt
337 ## - TIPO DE MEDIO
Nombre/término del tipo de medio no mediado
338 ## - TIPO DE SOPORTE
Nombre/término del tipo de soporte volumen
377 ## - IDIOMA ASOCIADO
Código del idioma ger
Término de lengua/lenguaje Alemán
380 #7 - FORMA DE LA OBRA
Fuente del término lemb
Forma de la obra Libros de texto
490 0# - ÁREA DE SERIE
Mención de serie (Alianza Universidad ;
Designación de volumen o secuencia 27)
500 ## - NOTA GENERAL
Nota general BIBLIOTECA CARLOS GAVIRIA DÍAZ : ANOTACIONES : Texto con ideas resaltadas, con algunas anotaciones en las páginas : 7, 33, 34, 36, 37, 38 y 39 ; AUTÓGRAFO : Libro impreso con firma original de Carlos Gaviria Díaz.
500 ## - NOTA GENERAL
Nota general Incluye índice.
505 2# - NOTA DE CONTENIDO CON FORMATO
Información varia LIBRO PRIMERO: EL DESARROLLO DEL ESPÍRITU CAPITALISTA --
Título El espíritu de empresa --
-- El espíritu burgués --
-- El desarrollo nacional del espíritu capitalista --
-- El burgués de antaño y de ahora --
Información varia LIBRO SEGUNDO: LAS FUENTES DEL ESPÍRITU CAPITALISTA --
Título Los fundamentos biológicos --
-- Las fuerzas morales --
-- Las circunstancias sociales.
520 1# - SUMARIO, ETC.
Nota de Sumario, etc. La obra de WERNER SOMBART (1863-1941) se inscribe -como las de Gustav Schmöller, Brentano y, parcialmente, Max Weber- en el ámbito de la escuela histórica alemana, que trató de renovar los estudios económicos y sociales en una doble dirección: por un lado, mediante el abandono de los supuestos de vinculación causal elementales y reduccionistas y el reconocimiento de la complejidad de las interacciones recíprocas entre niveles cualitativamente diferentes de la realidad; por otro, a través de la reafirmación del carácter irrepetible y azaroso del curso de la historia. El esclarecimiento del pasado exige no sólo el conocimiento de la exterioridad del medio social; también precisa el análisis psíquico de la infraestructura que lo anima. EL BURGUES (1913) es una plasmación ejemplar de tales criterios metodológicos: su objetivo es describir el nacimiento y ascenso del representante más típico del espíritu de nuestro tiempo, no sólo como especie social, sino también como variedad humana dotada de un conjunto particular de facultades morales e intelectuales. Al servicio de esta empresa, Sombart moviliza un enorme material de acontecimientos y hechos concretos y lo somete a una interpretación racional, evitando así el doble escollo de la erudición sin hipótesis orientadoras y de la especulación no apoyada en datos. (Revisión extraída del libro).
521 ## - NOTA DE PÚBLICO DESTINATARIO
Nota de público destinatario Público destinatario : Público general.
650 #7 - PUNTO DE ACCESO ADICIONAL DE MATERIA--TÉRMINO DE MATERIA
Término de materia o nombre geográfico como elemento de entrada Burguesía
Fuente del encabezamiento o término
9 (RLIN) 152
650 ## - PUNTO DE ACCESO ADICIONAL DE MATERIA--TÉRMINO DE MATERIA
Término de materia o nombre geográfico como elemento de entrada Historia economica - Siglo XX
9 (RLIN) 31151
650 #7 - PUNTO DE ACCESO ADICIONAL DE MATERIA--TÉRMINO DE MATERIA
Término de materia o nombre geográfico como elemento de entrada Sociología
Fuente del encabezamiento o término lemb
9 (RLIN) 112
650 ## - PUNTO DE ACCESO ADICIONAL DE MATERIA--TÉRMINO DE MATERIA
Término de materia o nombre geográfico como elemento de entrada Capitalismo - Historia
9 (RLIN) 43560
650 ## - PUNTO DE ACCESO ADICIONAL DE MATERIA--TÉRMINO DE MATERIA
Término de materia o nombre geográfico como elemento de entrada Clase media
9 (RLIN) 2105
700 10 - ENTRADA AGREGADA--NOMBRE PERSONAL
Nombre de persona Lorenzo, María Pilar,
Término indicativo de función/relación Traductor/a
Código de función trl
Número de control del registro de autoridad o número normalizado (isni)0000 0000 5921 6085
-- (viaf)7590149108617768780006
9 (RLIN) 376444
942 ## - ELEMENTOS DE ENTRADA AGREGADA (KOHA)
Fuente del sistema de clasificación o colocación Clasificación Decimal Dewey
Tipo de ítem Koha Libros
Existencias
Estado de retiro Estado de pérdida Estado dañado No para préstamo Código de colección Localización permanente Ubicación/localización actual Fecha de adquisición Número de inventario Total de préstamos Signatura topográfica completa Código de barras Fecha visto por última vez Número de copia Precio válido a partir de Tipo de ítem Koha Fuente del sistema de clasificación o colocación Restricciones de uso Fuente de adquisición Forma de adquisición Coste, precio normal de compra Nota pública
        Colección General Piso 2 Biblioteca Carlos Gaviria Díaz, Campus Medellín Biblioteca Carlos Gaviria Díaz, Campus Medellín 01/09/1997 C78566   330.15 S693b 61000001750468 20/04/2023 1 20/04/2023 Libros            
        Biblioteca Personal Carlos Gaviria Díaz Biblioteca Carlos Gaviria Díaz, Campus Medellín Biblioteca Carlos Gaviria Díaz, Campus Medellín 28/04/2023     CGD 330.122 S693 01102637 28/04/2023   28/04/2023 Libros - Reserva Clasificación Decimal Dewey Acceso restringido Familia Carlos Gaviria Díaz Donación 35000.00 Autógrafos | Subrayado | Marcas | Anotaciones |